03261nam a2200409Ia 450000500170000000800410001702000150005808200210007310000390009424501030013325000190023630000270025550000420028250400270032452009580035165000250130965000200133465000270135465000520138165000390143394200120147226400290148433600270151333700330154033800280157304000350160199900150163695201340165195201310178595201340191695201290205095201330217995201320231295201360244495201360258095201350271620220317000531.0160601s1997 ck g 000 0 spa  a958923238804a305.89608 bZ16r1 aZapata Olivella, Manueld1920-200413aLa rebelión de los genes bel mestizaje americano en la sociedad futura cManuel Zapata Olivella a1a. edición  a368 páginas c21 cm  aIncluye datos biográficos del autor aIncluye bibliografía aSi en otras épocas el mestizaje fue un estigma de "impureza" ante opresores de todas las calañas (que mal podían reclamar "pureza de sangre"), hoy constituye a todas luces una de las mayores riquezas de las sociedades humanas. En América, ese mestizaje ha propiciado los más fecundos encuentros entre razas, etnias, culturas, civilizaciones e historias de las más disímiles características, y ha obligado a poderosos sincretismos, unos dolorosos y otros felices, jamás experimentados en la historia de la humanidad. Pero aunque cada vez es mayor la conciencia incluso política, de la plurietnicidad y pluriculturalidad de las naciones americanas, lo cierto es que las huellas del síndrome colonizador aún son patentes en actitudes y mentalidades alienadas que sólo contribuyen a acallar la cada vez más inminente insurgencia mestiza que se abre paso hacia un nuevo orden y hacia un nuevo humanismo de tolerancia y convivencia142LEMBaAfroamericanos142LEMBaMestizaje142LEMBaAfricanización142LEMBaEtnología xHistoriazAmérica Latina142LEMBaNegros xHistoria zColombia 2ddccBK aBogotá bAltamirc1997 atextobtxt2rdacontent asin mediaciónbn2rdamedia avolumenbnc2rdacarrier aCO-BoRNBPbspaerdacCO-BoRNBP c4314d4314 00102ddc40708GENaMEPRICObMEPRICOcGENd2023-01-27l0o305.89608 Z16rpPR00000378r2023-01-27 00:00:00tEj.1w2023-01-27yBK 00102ddc40708GENaMEMAPIRIbMEMAPIRIcGENd2023-04-18l0o305.89608pMAP0000228r2023-04-18 00:00:00tEj.1w2023-04-18yBK 00102ddc40708GENaMELEJANIbMELEJANIcGENd2023-06-22l0o305.80098 Z17rpLEJ00169r2023-06-22 00:00:00tEj.1w2023-06-22yBK 00102ddc40708GENaMESARAMAbMESARAMAcGENd2023-06-27l0o305 80098pSJA00392r2023-06-27 00:00:00tEj.1w2023-06-27yBK 00102ddc40708GENaMECUMARAbMECUMARAcLITd2024-05-23l0o305.80098Z17rpCUM00151r2024-05-23 15:34:42tEj.1w2024-05-23yBK 00102ddc40708GENaMEURIBEbMEURIBEcGENd2024-07-12l0o305.89608 Z16rpURI00259r2024-07-12 15:33:15tEj.1w2024-07-12yBK 00102ddc40708GENaMECASARIbMECASARIcGENd2024-11-10l0o305.8908 - Z16RpBM0001178r2024-11-10 16:26:12tEj.1w2024-11-10yBK 00102lcc40708GENaMEPCONCObMEPCONCOcGENd2026-02-03l0o305.89608 Z16rpPCON00570r2026-02-03 19:27:54tEj.1w2026-02-03yBK 00102ddc40708GENaMELAJULIbMELAJULIcGENd2026-04-07l0o305.89608 Z16rpJUL00218r2026-04-07 16:16:21tEj.1w2026-04-07yBK